The Japanese econoomic miracle : Lesson for high productivity

Gespeichert in:
Bibliographische Detailangaben
1. Verfasser: Mohindra, S.
Format: Buch
Sprache:Undetermined
Veröffentlicht: New Delhi Lancer International 1987
Schlagworte:
Tags: Tag hinzufügen
Keine Tags, Fügen Sie den ersten Tag hinzu!
Thư viện lưu trữ: Trung tâm Học liệu Trường Đại học Cần Thơ
LEADER 00542nam a2200205Ia 4500
001 CTU_94180
008 210402s9999 xx 000 0 und d
082 |a 330.9 
082 |b M697 
100 |a Mohindra, S. 
245 4 |a The Japanese econoomic miracle : 
245 0 |b Lesson for high productivity 
245 0 |c S. Mohindra 
260 |a New Delhi 
260 |b Lancer International 
260 |c 1987 
650 |a Japan 
650 |x Economic conditions 
904 |i Năm 
980 |a Trung tâm Học liệu Trường Đại học Cần Thơ